logo

Bir Sreshtho Munshi Abdur Rouf Library
Jhenaidah Cadet College

Intermediate Practical Physics / (Record no. 8918)

MARC details
000 -LEADER
fixed length control field 00548nam a2200217 a 4500
001 - CONTROL NUMBER
JCCL Control Number 8918
003 - CONTROL NUMBER IDENTIFIER
JCCL marc code BD-JhCC
005 - DATE AND TIME OF LATEST TRANSACTION
control field 20180305180744.0
008 - FIXED-LENGTH DATA ELEMENTS--GENERAL INFORMATION
fixed length control field 180305s1955 b a|||| || | 000 0 eng d
035 ## - SYSTEM CONTROL NUMBER
system control number (BD-JhCC)8918
040 ## - CATALOGING SOURCE
Original cataloging agency BD-JhCC
Modifying agency BD-JhCC
041 ## - LANGUAGE CODE
Language code of Book eng
082 ## - DEWEY DECIMAL CLASSIFICATION NUMBER
Classification number 530.72
Author mark and Year KHO 1955
100 ## - MAIN ENTRY--PERSONAL NAME
Personal name Khorshed, Muhammad
245 ## - TITLE STATEMENT
Title Intermediate Practical Physics /
Statement of responsibility, etc Muhammad Khorshed,
260 ## - PUBLICATION, DISTRIBUTION, ETC. (IMPRINT)
Place of publication, distribution, etc Dacca :
Name of publisher, distributor, etc Mullick Brothers,
300 ## - PHYSICAL DESCRIPTION
Pagination 384 p. :
Other physical details ill. ;
Dimensions 21 cm.
650 ## - SUBJECT ADDED ENTRY--TOPICAL TERM
Topical term or geographic name as entry element Physics
942 ## - ADDED ENTRY ELEMENTS (KOHA)
Source of classification or shelving scheme Dewey Decimal Classification
Koha item type Books
Holdings
Source of classification or shelving scheme Damaged status Not for loan Home library Current library Shelving location Date of accession Cost, normal purchase price Total Checkouts Full call number Barcode Date last seen Copy number Koha item type
Dewey Decimal Classification     JCC Rouf Library JCC Rouf Library General Stacks 03/05/2018 5.00   530.72 KHO 1955 11636 03/05/2018 C-1 Books
Dewey Decimal Classification     JCC Rouf Library JCC Rouf Library General Stacks 03/15/2018 5.00   530.72 KHO 1955 10795 03/15/2018 C-2 Books

JCC Library | Contacts | JCC Home

Last Update on 23 September 2017
Copyright @ 2017-2020 JCC Rouf Library
Rouf Library, Jhenidah Cadet College (JCC), Bangladesh